Normal view
MARC view
Entry Geographic Name
001 - CONTROL NUMBER
- control field: 21634
003 - CONTROL NUMBER IDENTIFIER
- control field: ARRUPE
005 - DATE AND TIME OF LATEST TRANSACTION
- control field: 20160120145708.0
008 - FIXED-LENGTH DATA ELEMENTS
- fixed length control field: 160120|| aca||aabn | a|a d
040 ## - CATALOGING SOURCE
- Original cataloging agency: ARRUPE
- Transcribing agency: ARRUPE
151 ## - HEADING--GEOGRAPHIC NAME
- Geographic name: Africa
- General subdivision: Foreign relations
- Chronological subdivision: 1960-
670 ## - SOURCE DATA FOUND
- Source citation: Work cat.: (ARRUPE)0: Cornelissen, Scarlett 21633, Africa and international relations in the 21st century /, 2015.